Os 15 principais países com mortes por Covid19 - 4 janeiro - Statistics

Estatísticas Gerais
  • Esse quiz foi jogado 13 vezes
  • A pontuação média é 11 de 23
Estatísticas das Respostas
país % Correto
Brasil
100%
Estados Unidos
100%
França
91%
Alemanha
82%
Índia
82%
Itália
82%
Espanha
73%
Reino Unido
73%
México
64%
Argentina
55%
Colômbia
55%
Rússia
55%
África do Sul
45%
Peru
45%
Bélgica
36%
Irão
27%
Bulgária
18%
Chéquia
18%
Croácia
9%
Eslovénia
9%
Hungria
9%
Bósnia e Herzegovina
0%
Macedónia do Norte
0%
Nenhum quiz correspondente encontrado
Distribuição das Pontuações
Porcentagem de Pessoas com Cada Pontuação
Percentil de Números Respondidos
Sua Pontuação Histórica
Você não jogou esse quiz